000 00912nam a22002297a 4500
001 44317
003 BD-RjUL
005 20211209053833.0
008 191005s1958 ii ||||| |||| 00| 0 ben d
020 _c: IRs. 3.50
035 _a(BD-RjUL)44435
040 _aBD-RjUL
_beng
_cBD-RjUL
041 _aeng
082 _223
_a891.4409
_bCHA 1958
100 1 _aচৌধুরী, নারায়ণ
_9233472
245 1 0 _aআধুনিক সাহিত্যের মূল্যায়ন /
_cনারায়ণ চৌধুরী
260 _aকলিকাতা:
_bজিজ্ঞাসা,
_c১৯৫৮ (ভাদ্র ১৩৬৫ )
300 _a[৮], ১৩৬ পৃ.
_c২৩ সেমি.
650 _aবাংলা সাহিত্যে
_xইতিহাস ও সমালোচনা
_9233474
650 _aBengali Literature
_xHistory and Criticism
_9233475
942 _2ddc
_cBK
999 _c44317
_d44317